000
00340nam a2200145Ia 4500
008
240126s9999 xx 000 0 und d
041
_a
English
082
_a
LIBRARY-VIII
245
0
_a
Fortune (2004 -
260
_b
Time Inc
_a
Abingdon
440
_a
NULL
650
_a
Fortune,(2004,-,Management
650
_a
Management
942
_c
JN
999
_c
269752
_d
269752